| 000 | 00744nam a2200253Ia 4500 | ||
|---|---|---|---|
| 003 | OSt | ||
| 005 | 20220928102245.0 | ||
| 006 | a|||||r|||| 00| 0 | ||
| 007 | ta | ||
| 008 | 220927b |||||||| |||| 00| 0 hin d | ||
| 020 | _cINR 475.00 | ||
| 024 | _a144616 | ||
| 037 |
_b107, 15/03/2021, Radhika Books _cTextual |
||
| 040 |
_aSDCL _cSDCL _bhin |
||
| 041 |
_2hin _ahin |
||
| 082 | _aO152,3N44w, Q9 | ||
| 100 |
_aDanosi B.L. _9397461 |
||
| 245 | 0 |
_aJameen aasman _b Ek IAS adhikari ki marmik kahani |
|
| 260 |
_aNew Delhi _bIsha Gyandeep _c2019 |
||
| 300 |
_a151p. _ccm. |
||
| 650 |
_aHindi _9391598 |
||
| 942 |
_hO152,3N44w, Q9 _cTEXL _2CC |
||
| 999 |
_c713251 _d713251 |
||